| 000 | 00718nam a22002177a 4500 | ||
|---|---|---|---|
| 001 | 86520 | ||
| 003 | BD-RjUL | ||
| 005 | 20260520114654.0 | ||
| 008 | 260520s1956 pk ||||| |||| 00| 0 urd d | ||
| 035 | _a(BD-RjUL)86520 | ||
| 040 |
_aBD-RjUL _beng _cBD-RjUL |
||
| 041 | _aurd | ||
| 082 |
_223 _a891.4391092 _bFAM 1973 |
||
| 100 |
_aFazal-ul-Haq ;; فضل الحق. _917885 |
||
| 245 | 1 | 0 |
_aمیر حسن :حیات اور ادبی خدمات / Mīr Ḥasan :hayat or adbi khidmaatʼ / _cفضل الحق. ;;Fazal-ul-Haq |
| 264 |
_aLahore: _bMaktuba -i - jadid, _c1956 |
||
| 300 |
_a352 p. ; _c17 cm |
||
| 600 |
_a Mir Hasan _xBiography _918546 |
||
| 650 |
_a Urdu poetry _vHistory and criticism _917886 |
||
| 942 |
_2ddc _cBK |
||
| 999 |
_c86520 _d86520 |
||